[Event "Warsaw Maciei Memorial"]
[Site "Warsaw"]
[Date "2022.07.08"]
[Round "5"]
[White "Przezdziecka, Ewa"]
[Black "Kuzmicz, Krystian"]
[Result "0-1"]
[WhiteElo "2148"]
[BlackElo "2469"]
[PlyCount "68"]
[EventDate "2022.07.08"]
[EventType "swiss (blitz)"]
[EventRounds "11"]
[EventCountry "POL"]
[SourceTitle "CBM 209 Extra"]
[Source "ChessBase"]
[SourceDate "2022.09.30"]
[SourceVersion "1"]
[SourceVersionDate "2022.09.30"]
[SourceQuality "1"]

1. d4 c5 2. d5 g6 3. Nf3 Bg7 4. e4 d6 5. a4 Nf6 6. Nc3 0-0 7. h3 Na6 8. Bf4 Nc7 9. Bd3 Bd7 10. 0-0 a6 11. a5 Nb5 12. Qd2 Nxc3 13. bxc3 c4 14. Bxc4 Nxe4 15. Qe3 Nxc3 16. Bg5 Re8 17. Nd4 Nb5 18. Bxb5 axb5 19. Rfe1 Rxa5 20. Rxa5 Qxa5 21. Nb3 Qc7 22. Qd2 Bc3 23. Qe2 Bxe1 24. Qxe1 Qxc2 25. Nd4 Qd3 26. Be3 e5 27. dxe6 Bxe6 28. Qa5 Qc4 29. Qa7 b4 30. Qxb7 b3 31. Nxe6 Qxe6 32. Bd4 Qc4 33. Bb2 Re1+ 34. Kh2 Qf4+ 0-1

[Event "POL-chT 1st League"]
[Site "Szklarska Poreba"]
[Date "2021.09.10"]
[Round "7.1"]
[White "Przezdziecka, Ewa"]
[Black "Warakomska, Anna"]
[Result "1/2-1/2"]
[WhiteElo "2147"]
[BlackElo "2279"]
[PlyCount "57"]
[EventDate "2021.09.04"]
[EventType "team-swiss"]
[EventRounds "9"]
[EventCountry "POL"]
[SourceTitle "CBM 204 Extra"]
[Source "ChessBase"]
[SourceDate "2021.11.30"]
[SourceVersion "1"]
[SourceVersionDate "2021.11.30"]
[SourceQuality "1"]
[WhiteTeam "Wisznia Mala Bialy Krol"]
[BlackTeam "Gliwice Akademia Szachowa"]
[WhiteTeamCountry "POL"]
[BlackTeamCountry "POL"]

1. d4 d5 2. Bf4 c5 3. e3 Nc6 4. c3 Bf5 5. Bd3 Bg6 6. Nf3 e6 7. Bxg6 hxg6 8. Qb3 Qd7 9. Nbd2 Nf6 10. Ne5 Qc8 11. h3 Be7 12. Qa4 Nd7 13. Ndf3 0-0 14. h4 cxd4 15. exd4 Ncxe5 16. Nxe5 Nxe5 17. Bxe5 f6 18. Bg3 Kf7 19. h5 gxh5 20. Rxh5 Rh8 21. Rxh8 Qxh8 22. 0-0-0 Qe8 23. Qc2 b5 24. Rh1 b4 25. Qe2 bxc3 26. Qh5+ Kg8 27. Qh8+ Kf7 28. Qh5+ Kg8 29. Qh8+ 1/2-1/2

[Event "POL-chT 1st League"]
[Site "Szklarska Poreba"]
[Date "2021.09.09"]
[Round "6.3"]
[White "Przezdziecka, Ewa"]
[Black "Kroliczek, Gabriela"]
[Result "1-0"]
[WhiteElo "2147"]
[BlackElo "1889"]
[PlyCount "155"]
[EventDate "2021.09.04"]
[EventType "team-swiss"]
[EventRounds "9"]
[EventCountry "POL"]
[SourceTitle "CBM 204 Extra"]
[Source "ChessBase"]
[SourceDate "2021.11.30"]
[SourceVersion "1"]
[SourceVersionDate "2021.11.30"]
[SourceQuality "1"]
[WhiteTeam "Wisznia Mala Bialy Krol"]
[BlackTeam "Rybnik"]
[WhiteTeamCountry "POL"]
[BlackTeamCountry "POL"]

1. d4 Nf6 2. Nf3 g6 3. Bg5 Bg7 4. e3 0-0 5. Be2 c5 6. c3 b6 7. 0-0 Bb7 8. Nbd2 d6 9. h3 Nbd7 10. a4 a6 11. Qb3 Qc7 12. Rfd1 Rac8 13. Bh4 Qb8 14. Ne1 Rc7 15. Bf3 Rfc8 16. dxc5 Nxc5 17. Qa2 Nfe4 18. Nxe4 Nxe4 19. Nd3 e6 20. Nf4 Re8 21. Bxe4 Bxe4 22. Rxd6 Rc5 23. Rd4 Ba8 24. Bg3 Bxd4 25. cxd4 Rf5 26. Nxg6 Qb7 27. Nh4 Rc8 28. b3 Rh5 29. f3 Rc3 30. Qf2 Qe7 31. Rb1 Bd5 32. b4 Bb7 33. Kh2 Rc4 34. b5 Rxa4 35. bxa6 Rxa6 36. Rc1 Bd5 37. Rc8+ Kg7 38. Be5+ Rxe5 39. dxe5 Ra8 40. Qg3+ Kh6 41. Rxa8 Bxa8 42. Qf4+ Kg7 43. Qg4+ Kh8 44. Qa4 Bd5 45. g3 Qd8 46. e4 Bb7 47. Ng2 Kg7 48. Qb4 Qc7 49. Qd6 Qxd6 50. exd6 Bc6 51. e5 Kf8 52. f4 b5 53. Ne3 Be4 54. Nd1 b4 55. Kg1 Ke8 56. Kf2 Kd7 57. Ke3 Bd5 58. Kd4 Kc6 59. Ne3 Bb3 60. Nc4 Ba4 61. Nb2 Bb3 62. Nd3 Bd1 63. Nxb4+ Kd7 64. Kc5 h5 65. h4 Bb3 66. Na6 Kc8 67. Kb6 Bd1 68. Nc5 Bf3 69. Nb3 Be4 70. Kc5 Kd7 71. Nd2 Bc2 72. Kd4 Kd8 73. Ne4 Bd1 74. Nf2 Bc2 75. g4 Bg6 76. gxh5 Bxh5 77. Ne4 Bg6 78. Nf6 1-0

[Event "POL-chT 1st League"]
[Site "Szklarska Poreba"]
[Date "2021.09.05"]
[Round "2.8"]
[White "Przezdziecka, Ewa"]
[Black "Rudzinska, Michalina"]
[Result "0-1"]
[WhiteElo "2147"]
[BlackElo "2222"]
[PlyCount "68"]
[EventDate "2021.09.04"]
[EventType "team-swiss"]
[EventRounds "9"]
[EventCountry "POL"]
[SourceTitle "CBM 204 Extra"]
[Source "ChessBase"]
[SourceDate "2021.11.30"]
[SourceVersion "1"]
[SourceVersionDate "2021.11.30"]
[SourceQuality "1"]
[WhiteTeam "Wisznia Mala Bialy Krol"]
[BlackTeam "Strzelce Opolskie Strzelec"]
[WhiteTeamCountry "POL"]
[BlackTeamCountry "POL"]

1. d4 Nf6 2. Bf4 e6 3. e3 c5 4. c3 Qb6 5. Qb3 Nc6 6. Nd2 d5 7. Qxb6 axb6 8. Bc7 Nd7 9. Bb5 Be7 10. Ne2 Bd8 11. Bd6 Na7 12. Bd3 c4 13. Bc2 Nc6 14. 0-0 Be7 15. Bc7 b5 16. a3 Nf6 17. h3 Kd7 18. Bh2 Bd6 19. Bxd6 Kxd6 20. f4 Ne7 21. g4 b6 22. Ng3 h5 23. g5 Ne8 24. e4 dxe4 25. Bxe4 Ra7 26. h4 Kc7 27. Bf3 Nd6 28. Nxh5 Nef5 29. Kf2 Bb7 30. Bxb7 Rxb7 31. Ng3 Rxh4 32. Ne2 Rh2+ 33. Kf3 Nh4+ 34. Kg4 Rxe2 0-1

[Event "POL-ch blitz (Women)"]
[Site "Bydgoszcz"]
[Date "2020.12.12"]
[Round "11"]
[White "Przezdziecka, Ewa"]
[Black "Goraj, Barbara"]
[Result "1-0"]
[WhiteElo "2147"]
[BlackElo "2078"]
[PlyCount "61"]
[EventDate "2020.12.12"]
[EventType "swiss (blitz)"]
[EventRounds "11"]
[EventCountry "POL"]
[SourceTitle "CBM 199 Extra"]
[Source "ChessBase"]
[SourceDate "2021.01.31"]
[SourceVersion "1"]
[SourceVersionDate "2021.01.31"]
[SourceQuality "1"]

1. d4 Nf6 2. Nf3 g6 3. Bg5 Bg7 4. e3 d6 5. c4 0-0 6. Nc3 Nbd7 7. Be2 e5 8. dxe5 dxe5 9. Qc2 h6 10. Bh4 c6 11. 0-0 Qe7 12. Rfd1 a5 13. a3 Nc5 14. b4 axb4 15. axb4 Rxa1 16. Rxa1 Na6 17. b5 cxb5 18. cxb5 Nb4 19. Qa4 g5 20. Bg3 Nfd5 21. Nxd5 Nxd5 22. Rc1 Bd7 23. h3 Re8 24. Qe4 Nf6 25. Qxb7 e4 26. Nd4 Qa3 27. Rc7 Qa1+ 28. Kh2 Be6 29. Nxe6 Rxe6 30. Rxf7 Ne8 31. Bc4 1-0

[Event "POL-ch blitz (Women)"]
[Site "Bydgoszcz"]
[Date "2020.12.12"]
[Round "1"]
[White "Przezdziecka, Ewa"]
[Black "Kucharska, Helena"]
[Result "1-0"]
[WhiteElo "2147"]
[BlackElo "1603"]
[PlyCount "85"]
[EventDate "2020.12.12"]
[EventType "swiss (blitz)"]
[EventRounds "11"]
[EventCountry "POL"]
[SourceTitle "CBM 199 Extra"]
[Source "ChessBase"]
[SourceDate "2021.01.31"]
[SourceVersion "1"]
[SourceVersionDate "2021.01.31"]
[SourceQuality "1"]

1. d4 d5 2. Nf3 Nf6 3. Bg5 c6 4. e3 Bg4 5. Nbd2 Nbd7 6. c4 Ne4 7. Bh4 Qb6 8. b3 e6 9. Be2 Bb4 10. 0-0 Nc3 11. Qe1 Ne4 12. a3 Bc3 13. Rc1 Bxf3 14. Rxc3 Bxe2 15. Nxe4 Bxf1 16. Nd6+ Kf8 17. Qxf1 f6 18. c5 Qc7 19. f4 b6 20. b4 a5 21. f5 e5 22. Bg3 axb4 23. axb4 b5 24. dxe5 Nxe5 25. Bxe5 fxe5 26. f6 g6 27. f7 Qe7 28. h3 Ra2 29. Qf3 h5 30. Rc1 Rh7 31. Rf1 Qg5 32. Kh2 h4 33. Qg4 Qxe3 34. Qc8+ Kg7 35. Qg8+ Kh6 36. f8Q+ Kg5 37. Qd8+ Kh6 38. Qgf8+ Kh5 39. Qf3+ Qxf3 40. Rxf3 g5 41. Qe8+ Kh6 42. Rf6+ Kg7 43. Qf8# 1-0

[Event "POL-chT 1st League"]
[Site "Ustron"]
[Date "2020.09.09"]
[Round "5.3"]
[White "Wikar, Martyna"]
[Black "Przezdziecka, Ewa"]
[Result "1-0"]
[WhiteElo "2045"]
[BlackElo "2166"]
[PlyCount "89"]
[EventDate "2020.09.05"]
[EventType "team-tourn"]
[EventRounds "9"]
[EventCountry "POL"]
[SourceTitle "CBM 198 Extra"]
[Source "ChessBase"]
[SourceDate "2020.11.30"]
[SourceVersion "1"]
[SourceVersionDate "2020.11.30"]
[SourceQuality "1"]
[WhiteTeam "Czarna LKSz"]
[BlackTeam "Wisznia Mala Bialy Krol"]
[WhiteTeamCountry "POL"]
[BlackTeamCountry "POL"]

1. e4 d6 2. d4 Nf6 3. Nc3 e5 4. Nf3 Nbd7 5. Rg1 c6 6. g4 exd4 7. Qxd4 h6 8. Be3 Nc5 9. e5 dxe5 10. Qxd8+ Kxd8 11. 0-0-0+ Ke8 12. Nxe5 Be6 13. Bc4 Nfd7 14. Bxe6 fxe6 15. Ng6 Rg8 16. Rge1 a5 17. Nf4 g5 18. Bxc5 gxf4 19. Bxf8 Nxf8 20. f3 Rg7 21. Re4 Rf7 22. Ne2 Rd8 23. Nxf4 Rxd1+ 24. Kxd1 Rd7+ 25. Ke2 Ke7 26. h4 Kf6 27. Nd3 b6 28. Rf4+ Kg7 29. h5 Rd5 30. c4 Rd7 31. Ne5 Rc7 32. Rd4 c5 33. Rd8 Rb7 34. a4 Kf6 35. Rxf8+ Kxe5 36. Ke3 Rd7 37. f4+ Kd6 38. Rh8 Kc6 39. Rxh6 Rd4 40. Rxe6+ Kc7 41. h6 Rd1 42. Ke4 Rd2 43. g5 Rxb2 44. h7 Rh2 45. Rh6 1-0

[Event "POL-chT rapid"]
[Site "Zgierz"]
[Date "2018.03.03"]
[Round "5.16"]
[White "Kucharska, Honorata"]
[Black "Przezdziecka, Ewa"]
[Result "1-0"]
[WhiteElo "2082"]
[BlackElo "2165"]
[PlyCount "53"]
[EventDate "2018.03.03"]
[EventType "team-swiss (rapid)"]
[EventRounds "9"]
[EventCountry "POL"]
[SourceTitle "CBM 183 Extra"]
[Source "ChessBase"]
[SourceDate "2018.04.19"]
[SourceVersion "1"]
[SourceVersionDate "2018.04.19"]
[SourceQuality "1"]
[WhiteTeam "Rybnik"]
[BlackTeam "Wisznia Mala Bialy Krol"]
[WhiteTeamCountry "POL"]
[BlackTeamCountry "POL"]

1. e4 c5 2. Nc3 Nc6 3. Bb5 e5 4. Nge2 Nge7 5. Bc4 a6 6. a4 d6 7. 0-0 Nd4 8. d3 Nec6 9. f4 Be7 10. f5 0-0 11. Nd5 Kh8 12. Ng3 Bg5 13. c3 Bxc1 14. Qxc1 Qh4 15. cxd4 Nxd4 16. Qd2 Rb8 17. a5 f6 18. Ne2 g6 19. Nxd4 cxd4 20. Qf2 Qg5 21. Qg3 Qh6 22. fxg6 hxg6 23. Ne7 g5 24. Nf5 Bxf5 25. Rxf5 Kg7 26. Raf1 Rbd8 27. h4 1-0

[Event "POL-chT rapid"]
[Site "Zgierz"]
[Date "2018.03.03"]
[Round "8.12"]
[White "Przezdziecka, Ewa"]
[Black "Zmarzly, Aleksandra"]
[Result "0-1"]
[WhiteElo "2165"]
[BlackElo "1962"]
[PlyCount "53"]
[EventDate "2018.03.03"]
[EventType "team-swiss (rapid)"]
[EventRounds "9"]
[EventCountry "POL"]
[SourceTitle "CBM 183 Extra"]
[Source "ChessBase"]
[SourceDate "2018.04.19"]
[SourceVersion "1"]
[SourceVersionDate "2018.04.19"]
[SourceQuality "1"]
[WhiteTeam "Wisznia Mala Bialy Krol"]
[BlackTeam "Wisznia Mala Bialy Krol II"]
[WhiteTeamCountry "POL"]
[BlackTeamCountry "POL"]

1. d4 Nf6 2. Nf3 e6 3. Bg5 d5 4. e3 Be7 5. c4 c6 6. Nc3 0-0 7. Qc2 Nbd7 8. Rd1 h6 9. Bh4 dxc4 10. Bxc4 Nd5 11. Bxe7 Qxe7 12. 0-0 Nxc3 13. Qxc3 b5 14. Be2 Bb7 15. Ne5 Nxe5 16. dxe5 b4 17. Qc2 c5 18. f4 Rac8 19. Rd6 Bc6 20. Rfd1 Qb7 21. Bc4 Rc7 22. b3 a5 23. Bf1 Qa7 24. Bc4 Qb7 25. Bf1 Qa7 26. Bc4 Qb7 27. Bf1 0-1

[Event "POL-chT 1st League"]
[Site "Jastrzebia Gora"]
[Date "2015.09.13"]
[Round "9.23"]
[White "Przezdziecka, Ewa"]
[Black "Tomaszewski, Roman"]
[Result "1/2-1/2"]
[WhiteElo "2173"]
[BlackElo "2315"]
[PlyCount "77"]
[EventDate "2015.09.05"]
[EventType "team-tourn"]
[EventRounds "9"]
[EventCountry "POL"]
[SourceTitle "EXT 2016"]
[Source "ChessBase"]
[SourceDate "2015.10.08"]
[SourceVersion "1"]
[SourceVersionDate "2015.10.08"]
[SourceQuality "1"]
[WhiteTeam "Wisznia Mala"]
[BlackTeam "Czestochowa Hetman"]
[WhiteTeamCountry "POL"]
[BlackTeamCountry "POL"]

1. d4 Nf6 2. Nf3 g6 3. c4 Bg7 4. Nc3 d5 5. Bg5 Ne4 6. cxd5 Nxg5 7. Nxg5 e6 8. Nf3 exd5 9. e3 c6 10. Be2 0-0 11. 0-0 Be6 12. Qb3 Qb6 13. Nd2 Nd7 14. Rac1 Rfe8 15. Na4 Qc7 16. Qc2 Bf8 17. Nb3 Bd6 18. g3 Bf5 19. Bd3 Bxd3 20. Qxd3 h5 21. Nbc5 h4 22. Nxd7 Qxd7 23. Rfe1 hxg3 24. hxg3 Kg7 25. Kg2 Rh8 26. Rh1 Rxh1 27. Rxh1 Rh8 28. Rxh8 Kxh8 29. Nc5 Bxc5 30. dxc5 Qe7 31. Qd4+ Kg8 32. f3 Qc7 33. Kf2 Qd7 34. Kg2 Qc7 35. Kf2 Qd7 36. Kg2 Qc7 37. Kf2 Qd7 38. Kg2 Qc7 39. Kf2 1/2-1/2

[Event "POL-chT 1st League"]
[Site "Jastrzebia Gora"]
[Date "2015.09.09"]
[Round "5.30"]
[White "Przezdziecka, Ewa"]
[Black "Gasik, Anna"]
[Result "1/2-1/2"]
[WhiteElo "2173"]
[BlackElo "2184"]
[PlyCount "30"]
[EventDate "2015.09.05"]
[EventType "team-tourn"]
[EventRounds "9"]
[EventCountry "POL"]
[SourceTitle "EXT 2016"]
[Source "ChessBase"]
[SourceDate "2015.10.08"]
[SourceVersion "1"]
[SourceVersionDate "2015.10.08"]
[SourceQuality "1"]
[WhiteTeam "Wisznia Mala"]
[BlackTeam "Pultusk Nadnarwianka"]
[WhiteTeamCountry "POL"]
[BlackTeamCountry "POL"]

1. d4 d5 2. Nf3 Nf6 3. c4 e6 4. g3 Be7 5. Bg2 0-0 6. 0-0 dxc4 7. Qc2 a6 8. Qxc4 b5 9. Qc2 Bb7 10. Bd2 Be4 11. Qc1 Bb7 12. Qc2 Be4 13. Qc1 Bb7 14. Qc2 Be4 15. Qc1 Bb7 1/2-1/2

[Event "UKR-POL U26"]
[Site "Lvov"]
[Date "2013.09.28"]
[Round "5"]
[White "Przezdziecka, Ewa"]
[Black "Antoshkiv, Anastasiya"]
[Result "1-0"]
[WhiteElo "2148"]
[BlackElo "1831"]
[PlyCount "47"]
[EventDate "2013.09.26"]
[EventType "team-swiss"]
[EventRounds "5"]
[EventCountry "UKR"]
[SourceTitle "CBM 156 Extra"]
[Source "ChessBase"]
[SourceDate "2013.10.22"]
[SourceVersion "1"]
[SourceVersionDate "2013.10.22"]
[SourceQuality "1"]
[WhiteTeam "Warsaw Kozminski Academy"]
[BlackTeam "Lvov Polytechnic Univ"]
[WhiteTeamCountry "POL"]
[BlackTeamCountry "UKR"]

1. d4 Nf6 2. Nf3 g6 3. Bg5 Bg7 4. Nbd2 d5 5. c3 0-0 6. e3 Nbd7 7. Bd3 c5 8. 0-0 h6 9. Bh4 cxd4 10. exd4 Nb6 11. Ne5 Bd7 12. f4 Rc8 13. Qe2 e6 14. g4 Qc7 15. Bg3 Qd8 16. h4 Qe7 17. Kg2 Ne8 18. h5 gxh5 19. g5 hxg5 20. Qxh5 f5 21. Ng6 Qf7 22. fxg5 Nc7 23. Rh1 Rfd8 24. Qh7# 1-0